Coletânea da legislação federal agropecuária: área vegetal (Registro n. 338793)
[ somente texto ]
| 000 -LÍDER | |
|---|---|
| Campo de controle fixo | 00651nam a22002297a 4500 |
| 001 - NÚMERO DE CONTROLE | |
| Número de controle | BR2025004574 |
| 003 - CÓDIGO MARC DA AGÊNCIA CATALOGADORA | |
| Campo de controle | BR-BrBNA |
| 005 - DATA E HORA DA ÚLTIMA ATUALIZAÇÃO | |
| Campo de controle | 20251023162226.0 |
| 008 - CAMPO DE TAMANHO FIXO | |
| Campo fixo de controle | 251023b bl.||||| |||| 00| 0 por d |
| 020 ## - ISBN - INTERNATIONAL STANDARD BOOK NUMBER | |
| ISBN | 978-65-0084078-0 |
| 040 ## - FONTE DA CATALOGAÇÃO | |
| Agência catalogadora | BR-BrBNA |
| Idioma da catalogação | por |
| 041 ## - CÓDIGO DO IDIOMA | |
| Código do Idioma | por |
| 072 ## - CATEGORIA AGRIS | |
| Código da categoria de assunto/objeto | <a href="D50 ; F01">D50 ; F01</a> |
| 090 ## - NÚMERO DE CHAMADA | |
| Localização na estante | D50 BR2025004574 |
| 100 0# - ENTRADA PRINCIPAL - NOME PESSOAL | |
| Nome pessoal | Bressan, Marcelo (org.) |
| 245 ## - TÍTULO PRINCIPAL | |
| Título principal | Coletânea da legislação federal agropecuária: área vegetal |
| Subtítulo | Legislação básica e complementar |
| 260 ## - IMPRENTA (PUBLICAÇÃO, DISTRIBUIÇÃO, ETC.) | |
| Lugar de publicação, distribuição, etc. | Curitiba, PR (Brasil) |
| Nome do editor, distribuidor, etc. | AgroSei |
| Data de publicação, distribuição, etc | 2023 |
| 300 ## - DESCRIÇÃO FÍSICA | |
| Extensão | v. 1-2 |
| 650 ## - ASSUNTO - THESAGRO | |
| Cabeçalho tópico ou nome geográfico | LEGISLAÇÃO AGRÍCOLA |
| 909 ## - IDENTIFICAÇÃO DO CATALOGADOR | |
| Ano e mês da catalogação (aaaamm) | 202510 |
| Identificação do catalogador | Fernando |
| 942 ## - TIPO ESPECÍFICO | |
| Tipo de material | Livros |
| 952 ## - LOCATION AND ITEM INFORMATION (KOHA) | |
| -- | 2025-10-23 |
| 952 ## - LOCATION AND ITEM INFORMATION (KOHA) | |
| -- | 2025-10-23 |
| Status de empréstimo | Fonte de classificação | Status de danificação | Não pode ser emprestado | Código da coleção | Localização permanente | Localização atual | Localização na estante | Total Checkouts | Número de chamada | Código de barras | Tipo de material |
|---|---|---|---|---|---|---|---|---|---|---|---|
| Classificação AGRIS | Agrobase | Biblioteca Nacional de Agricultura - Binagri | Biblioteca Nacional de Agricultura - Binagri | Agrobase - Acervo Geral | D50 BR2025004574 v. 1 | 2025-6501 | Livros | ||||
| Classificação AGRIS | Agrobase | Biblioteca Nacional de Agricultura - Binagri | Biblioteca Nacional de Agricultura - Binagri | Agrobase - Acervo Geral | D50 BR2025004574 v. 2 | 2025-6502 | Livros |

BINAGRI